Sports Quiz

Random Sports or NFL Quiz

2000's Stingiest NFL Defenses Quiz Stats

 Plays Quiz not verified by Sporcle

Challenge
Share
Tweet
Embed
Score 0/20 Timer 05:00
0 Plays Today
Yds Per Gm % Correct
237.2Pittsburgh Steelers
91.7%
247.9Baltimore Ravens
75.9%
252.3New York Jets
52.1%
252.8Tampa Bay Buccaneers
40.8%
261.1Baltimore Ravens
40.8%
238.3Tennessee Titans
39.9%
264.1Baltimore Ravens
37.5%
258.4Pittsburgh Steelers
36.8%
266.4Pittsburgh Steelers
35.4%
258.6Pittsburgh Steelers
34.7%
Yds Per Gm % Correct
271.3Baltimore Ravens
29.2%
277.9Baltimore Ravens
28.8%
274.3Philadelphia Eagles
21%
253.5Dallas Cowboys
17.5%
277.8Tampa Buccaneers
14.4%
267.6Washington Redskins
11.3%
277.1Denver Broncos
8.7%
264.2Buffalo Bills
8.5%
269.6Buffalo Bills
7.5%
276.6Buffalo Bills
5.9%

You're not logged in!

Compare scores with friends on all Sporcle quizzes.
OR
Log In

You Might Also Like...

Show Comments

Extras

Created Dec 26, 2009ReportNominate
Tags:NFL Quiz, 2000, defense, yds

Top Quizzes Today


Score Distribution

Your Account Isn't Verified!

In order to create a playlist on Sporcle, you need to verify the email address you used during registration. Go to your Sporcle Settings to finish the process.

Report this User

Report this user for behavior that violates our Community Guidelines.

Details: